Normal view MARC view
  • Sánchez Ortiz, César

Entry Nombre Personal

Number of records used in: 1

001 - NUMERO DE CONTROL

  • campo de control: 59308

003 - IDENTIFICADOR DE NUMERO DE CONTROL

  • campo de control: DLC

005 - FECHA Y HORA DE LA ÜLTIMA TRANSACCIÓN

  • campo de control: 20260417212611.0

008 - DATOS DE LONGITUD FIJA

  • campo de control de longitud fija: 110723n| azannaabn |a aaa

010 ## - NÚMERO DE CONTROL DE LA BIBLIOTECA DEL CONGRESO

  • Número de control LC: n 2011049647

035 ## - NUMERO DE CONTROL

  • Número de control: (OCoLC)oca08923271

040 ## - FUENTE DE CATALOGACIÓN

  • Agencia original de catalogación: DLC
  • Lenguaje de catalogación: spa
  • Description conventions: rda
  • Agencia de transcripción: DLC
  • Agencia que lo modifica: PU
  • Agencia que lo modifica: MX-MxUPN

100 1# - ENCABEZAMIENTO - NOMBRE PERSONAL

  • Nombre personal: Sánchez Ortiz, César

373 ## - GRUPO ASOCIADO

  • Associated group: Universidad de Castilla-La Mancha. Centro de Estudios y Promoción de la Lectura y la Literatura Infantil
  • Fuente del término: naf

377 ## - LENGUA ASOCIADA

  • Language code: spa

400 1# - VEÁSE - NOMBRE DE PERSONA

  • Personal name: Ortiz, César Sánchez

670 ## - FUENTE EN LA QUE SE LOCALIZARON DATOS

  • Cita de la fuente: Tradición y modernidad de la literatura oral, 2010:
  • Información localizada: portada (César Sánchez Ortiz)

670 ## - FUENTE EN LA QUE SE LOCALIZARON DATOS

  • Cita de la fuente: Los Quijotes del CEPLI, 2015:
  • Información localizada: portada (César Sánchez Ortiz; co-editor) página 20 (researcher at CEPLI, UCLM)

670 ## - FUENTE EN LA QUE SE LOCALIZARON DATOS

  • Cita de la fuente: Literatura y poder, 2016 :
  • Información localizada: portada (César Sánchez Ortiz)

902 ## - CATALOGADOR

  • Catalogador: VíctorGodínez/170426